Oklahoma Major & Minor Teams - Statistics

General Stats
  • This quiz has been taken 20 times
  • The average score is 5 of 9
Answer Stats
NCAA % Correct
Oklahoma City Thunder
100%
Oklahoma State Cowboys
89%
Oklahoma Sooners
83%
Tulsa Golden Hurricane
67%
Oklahoma City Dodgers
44%
Oral Roberts Golden Eagles
44%
Tulsa Drillers
44%
Oklahoma City Blue
39%
Tulsa Oilers
22%
No matching quizzes found
Score Distribution
Percent of People with Each Score
Percentile by Number Answered
Your Score History
You have not taken this quiz